00417nam a2200121Ia 4500082001200000100001300012245010300025260003100128300002100159650003600180650005500216710002400271 aTR.0272 aRaju, S. 0aPersonality characteristics of scheduled caste and scheduled tribe employees in government service c1989bUniversity of Kerala a307p. + C D - 32 aINDIA - OFFICIALS AND EMPLOYEES aSCHEDULED CASTES AND SCHEDULED TRIBES - PSYCHOLOGY aRaj, H. Sam Sananda